Southville International School and Colleges
Your cart is empty.
  • Cart
  • Lists
    Public lists Eva Luna New books Lux_list list_1
    Your lists Log in to create your own lists
  • Log in to your account
  • Your cookies
  • Search history
Southville International School and Colleges
  • Advanced search
  • Recent comments
  • Most popular
  • Libraries

Log in to your account

Log in with GOOGLE


If you do not have an external account, but do have a local account, you can still log in:

  1. Home
  2. MARC view: Sunset holiday /
Normal view MARC view ISBD view

Sunset holiday / (Record no. 12034)

[ view plain ]
MARC details
000 -LEADER
fixed length control field 00797nam a22002773a 4500
001 - CONTROL NUMBER
control field 16408851
003 - CONTROL NUMBER IDENTIFIER
control field LC
005 - DATE AND TIME OF LATEST TRANSACTION
control field 20160322152425.0
008 - FIXED-LENGTH DATA ELEMENTS--GENERAL INFORMATION
fixed length control field 951020s1995 nyu 000 1 eng d
010 ## - LIBRARY OF CONGRESS CONTROL NUMBER
LC control number 97812750
020 ## - INTERNATIONAL STANDARD BOOK NUMBER
International Standard Book Number 0425151093
035 ## - SYSTEM CONTROL NUMBER
System control number (OCoLC)ocm33336471
040 ## - CATALOGING SOURCE
Original cataloging agency SDL
Transcribing agency SDL
Modifying agency DLC
050 00 - LIBRARY OF CONGRESS CALL NUMBER
Classification number PZ 7
Item number .B471 1995
082 ## - DEWEY DECIMAL CLASSIFICATION NUMBER
Classification number FIC
Item number B43sh 1995
100 1# - MAIN ENTRY--PERSONAL NAME
Personal name Bennett, Cherie.
9 (RLIN) 21502
245 10 - TITLE STATEMENT
Title Sunset holiday /
Statement of responsibility, etc Cherie Bennett.
260 ## - PUBLICATION, DISTRIBUTION, ETC. (IMPRINT)
Place of publication, distribution, etc New York :
Name of publisher, distributor, etc Berkley,
Date of publication, distribution, etc 1995.
300 ## - PHYSICAL DESCRIPTION
Extent 206 p. :
Dimensions 17 cm.
490 1# - SERIES STATEMENT
Series statement Sunset Island ;
Volume number/sequential designation bk. 30
655 #7 - INDEX TERM--GENRE/FORM
Genre/form data or focus term Young adult fiction.
Source of term lcsh
9 (RLIN) 3735
710 2# - ADDED ENTRY--CORPORATE NAME
Corporate name or jurisdiction name as entry element Copyright Paperback Collection (Library of Congress)
Institution to which field applies DLC
9 (RLIN) 705
906 ## - LOCAL DATA ELEMENT F, LDF (RLIN)
a 7
b cbc
c copycat
d 2
e ncip
f 19
g y-genrareb
942 ## - ADDED ENTRY ELEMENTS (KOHA)
Source of classification or shelving scheme Library of Congress Classification
Koha item type Books
Holdings
Withdrawn status Lost status Source of classification or shelving scheme Damaged status Home library Current library Shelving location Date acquired Total Checkouts Full call number Barcode Date last seen Copy number Price effective from Koha item type
    Library of Congress Classification   Luxembourg Library Luxembourg Library Fiction Section 09/24/2013   PZ 7 .B471 1995 5985 09/24/2013 1 09/24/2013 Books

Sunset holiday /

APA

Bennett C., Copyright Paperback Collection (Library of Congress), . (1995). Sunset holiday. New York: Berkley.

Chicago

Bennett Cherie, Copyright Paperback Collection (Library of Congress), . 1995. Sunset holiday. New York: Berkley.

Harvard

Bennett C., Copyright Paperback Collection (Library of Congress), . (1995). Sunset holiday. New York: Berkley.

MLA

Bennett Cherie, Copyright Paperback Collection (Library of Congress), . Sunset holiday. New York: Berkley. 1995.

  • Place hold
  • Print
  • Cite
  • Add to your cart (remove)
  • Save record
    BIBTEX Dublin Core MARCXML MARC (non-Unicode/MARC-8) MARC (Unicode/UTF-8) MARC (Unicode/UTF-8, Standard) MODS (XML) RIS
  • More searches
    Search for this title in:
    Other Libraries (WorldCat) Other Databases (Google Scholar) Online Stores (Bookfinder.com) Open Library (openlibrary.org)

Exporting to Dublin Core...

SOUTHVILLE LIBRARY

Southville International School and Colleges Library

1281 Tropical Ave. Cor. Luxembourg St., BF Homes International, Las Pinas City

Tel. No. 8256374 / 252358 Loc. 117/146

Powered by Koha